Türkiye sağlık harcamaları ve finansmanı 1992-1996 (Record no. 5652)

MARC details
000 -BAŞLIK
Sabit Uzunlukta Kontrol Alanı 00734na a2200241 4500
001 - KONTROL NUMARASI
Denetim Alanı 18643
003 - KONTROL NUMARASI IDENTIFIER
Denetim Alanı MIRAKIL
005 - SON İŞLEM TARİHİ VE ZAMANI
Denetim Alanı 20181213155043.0
008 - SABİT-BOY VERİ ELEMANLARI - GENEL BİLGİLER
Sabit Uzunlukta Kontrol Alanı 161124b tu 000 0
020 ## - ULUSLARARASI STANDART KİTAP NUMARASI
Uluslararası Standart Kitap Numarası 975590011X
035 ## - SİSTEM KONTROL NUMARASI
Sistem Kontrol Numarası 18643
040 ## - KATALOGLAMA KAYNAK
Orijinal Kataloglama Ajansı Milas
Kataloglama Dili tur
Metne Dönüştürmek Ajansı TR-AnCHP
041 ## - DİL KODU
Metin / Ses Parça Veya Ayrı Başlığın Dil Kodu tur
082 ## - DEWEY ONLU SINIFLANDIRMA NUMARASI
Sınıflandırma Numarası 332.09561
Ürün Numarası T64t [t.y.]
090 ## - SINIFLAMA NUMARASI
Sınıflama Numarası 332.09561 T64t [t.y.]
100 ## - ANA GİRİŞ - KİŞİSEL İSİM
Kişisel Ad Tokat, Mehmet
245 ## - BAŞLIK TABLOSU
Başlık Türkiye sağlık harcamaları ve finansmanı 1992-1996
Sorumluluk Tablosu, Vb Mehmet Tokat
260 ## - YAYIN, DAĞITIM, VB
Yayın, Dağıtım, Vb Yeri [Ankara]
Yayıncı, Dağıtıcı, Vs Adı Sağlık Bakanlığı Sağlık Projesi Genel Koordinatörlüğü
Yayın, Dağıtım, Vb Tarihi [t.y.]
300 ## - FİZİKSEL TANIM
Kapsam 72 s.
Diğer Fiziksel Ayrıntıları grf.,tbl.;
Boyutlar 30 sm.
650 ## - KONU KATMA GİRİŞ - TOPİKAL DÖNEM
Topikal Süreli Veya Coğrafi Ad Giriş Elemanı Sağlık harcamaları
Genel Alt Bölümü finansman
651 ## - KONU KATMA GİRİŞ - COĞRAFİ ADI
Coğrafi İsim Türkiye
Genel Alt Bölümü finansman
-- finansman
942 ## - EKLENDİ GİRİŞ ELEMANLARI (KOHA)
Sınıflandırma Veya Raf Düzeni Kaynak Dewey Decimal Classification
Koha Öğesi Türü Books
999 ## - SİSTEM KONTROL NUMARALARI (KOHA)
Koha Biblionumber 5652
Koha Biblioitemnumber 5652
Holdings
Kalıcı Konum Mevcut Konum Edinme Tarihi Edinim Kaynak Toplam Check-Out'Lar Tam Çağrı Numarası Barkod Tarih Son Görülme İtibaren Geçerli Fiyatlar Koha Öğesi Türü
CHP Kütüphanesi CHP Kütüphanesi 11/22/2016 Bağış   332.09561 T64t [t.y.] 009955 11/22/2016 11/22/2016 Books